书目信息 |
| 题名: |
酒店设计革命
|
|
| 作者: | 沃森 著 ;李德新 , 甄岳超 , 孙晓晖 译 | |
| 分册: | ||
| 出版信息: | 北京 高等教育出版社 2007 |
|
| 页数: | 223页 | |
| 开本: | 28cm | |
| 丛书名: | 室内视角系列丛书 | |
| 单 册: | ||
| 中图分类: | TU247.4-64 | |
| 科图分类: | ||
| 主题词: | 饭店--fan dian--建筑设计--世界--现代--图集 | |
| 电子资源: | ||
| ISBN: | 978-7-04-021917-3 | |
| 000 | 01211nam 2200301 450 | |
| 001 | 367789 | |
| 005 | 20080828094502.14 | |
| 010 | @a978-7-04-021917-3@dCNY188.00 | |
| 100 | @a20080102d2007 em y0chiy0110 ea | |
| 101 | 1 | @achi@ceng |
| 102 | @aCN@b110000 | |
| 105 | @aa z 000yy | |
| 200 | 1 | @a酒店设计革命@Ajiu dian she ji ge ming@f霍华德·沃森著@d= Hotel revolution@fHoward Watson@g李德新, 甄岳超, 孙晓晖译@zeng |
| 210 | @a北京@c高等教育出版社@d2007 | |
| 215 | @a223页@c图@d28cm | |
| 225 | 2 | @a室内视角系列丛书@Ashi nei shi jiao xi lie cong shu |
| 306 | @aJohn Wiley & Sons, Ltd(约翰·威立国际出版公司)授权出版 | |
| 330 | @a本书重新评估了酒店设计的多元性,介绍了许多出自世界知名建筑师和设计师之手的新项目,无论从改建的修道院和面包房,从微型酒店到乡村度假胜地还有东方温泉,都流露出设计师鲜明时尚的风格。 | |
| 410 | 0 | @12001 @a室内视角系列丛书 |
| 510 | 1 | @aHotel revolution@zeng |
| 606 | 0 | @a饭店@Afan dian@x建筑设计@y世界@z现代@j图集 |
| 690 | @aTU247.4-64@v4 | |
| 701 | 1 | @a沃森@Awo sen,@bH.@g(Watson, Howard)@4著 |
| 702 | 0 | @a李德新@Ali de xin@4译 |
| 702 | 0 | @a甄岳超@Azhen yue chao@4译 |
| 702 | 0 | @a孙晓晖@Asun xiao hui@4译 |
| 801 | 0 | @aCN@c20080828 |
| 905 | @aZUCC@dTU247.4-64@eH967 | |
| 酒店设计革命/霍华德·沃森著= Hotel revolution/Howard Watson/李德新, 甄岳超, 孙晓晖译.-北京:高等教育出版社,2007 |
| 223页:图;28cm.-(室内视角系列丛书) |
| ISBN 978-7-04-021917-3:CNY188.00 |
| 本书重新评估了酒店设计的多元性,介绍了许多出自世界知名建筑师和设计师之手的新项目,无论从改建的修道院和面包房,从微型酒店到乡村度假胜地还有东方温泉,都流露出设计师鲜明时尚的风格。 |
| ● |
| 相关链接 |
|
|
|
正题名:酒店设计革命
索取号:TU247.4-64/H967
 
预约/预借
| 序号 | 登录号 | 条形码 | 馆藏地/架位号 | 状态 | 备注 |
| 1 | 675978 | 206759783 | 建筑库101/101建筑库 71排1列3层/ [索取号:TU247.4-64/H967] | 在馆 | |
| 2 | 675979 | 206759792 | 建筑库101/101建筑库 54排3列2层/ [索取号:TU247.4-64/H967] | 在馆 |